000 00208nam a22001217a 4500
040 _cHS
082 _a634
100 _aNA
245 _aAvant propos
260 _aParis
_bNA
_cNA
300 _aNA
942 _cFB
999 _c9278
_d9278